01633cam a2200289 a 450000100090000000300040000900500170001300800410003001000170007102000180008804000130010604300120011905000240013124501150015524600200027025000580029026000340034830000190038231000120040144000390041350000930045250000220054550506300056765000240119770000620122170000600128315334219OSt20210414114436.0080618m20089999enk 001 0 eng  a 2008614813 a9781405759779 aDLCcDLC ae-uk---00aKD310.H34(5evol.43)00aHalsbury's laws of England : Lord Mackay of Clashfern, Lord High Chancellor of Great Britain 1987-97 vol 43. /30aLaws of England a5th ed. bLord Mackay of Clashfern [editor-in-chief]. aLondon :bLexis Nexis,c2011. a793p.:c26 cm. aVol 54. pEnergy and Climate Change.vvol.43 aSet includes unnumbered consolidated index volumes, which index both 5th editions, 2011- aIncludes indexes. aContents: How to use Halsbury's Laws of England -- Reference and abbreviations -- Table of statutes -- Table of statutory Instruments -- Table of European union legislation -- Table of conventions etc -- Table of non- statutory material -- Table of cases -- Energy and climate change -- Table of contents -- Introduction -- Climate change -- Renewable sources and energy efficiency -- Gas and electricity industries; in general -- Particular provisions relating to gas -- Particular provisions relating to Gas continued -- Particular provisions relating to electricity -- Nuclear energy -- Petroleum production -- Pipelines. 0aLawzGreat Britain.1 aHalsbury, Hardinge Stanley Giffard,cEarl of,d1823-1921.1 aMackay of Clashfern, James Peter Hymers,cBaron,d1927-